| 000 | 00498nam a2200205Ia 4500 | ||
|---|---|---|---|
| 005 | 20250425162153.0 | ||
| 008 | 250425s9999 xx 000 0 und d | ||
| 020 | _a997252020X | ||
| 041 | _aspa | ||
| 082 | _a985 | ||
| 245 | 0 | _aGUIA ESPECIALIZADA DEL VIAJERO: FIESTAS, MUSICA Y ARTE POPULAR EN EL PERU | |
| 250 | _a1A ED. | ||
| 260 | _aLIMA | ||
| 260 |
_aPerĂº _bMETROCOLOR S.A. _c1999 |
||
| 300 | _a103 | ||
| 650 | _aGUIA TURISTICA | ||
| 650 | _aPERU | ||
| 942 | _c01 | ||
| 010 | _a54218 | ||
| 999 |
_c223767 _d223767 |
||